000 01129nji a22002897a 4500
005 20100918112720.0
006 a|||||r|||||00| 0
007 sd ammalaaahaa
008 100830t xxu||||| |||| 00| 0 eng d
028 _a2393 826
_bMUSIC INDIA
035 _aGR-03484
040 _aSED
_cSED
100 _917455
_aMehta, Rajendra
245 _aThe khazana concert /
_cmusic by Rajendra Mehta [and] Govind Prasad
_h[sound recording] :
246 _aदी खज़ाना कॉन्सर्ट /
260 _aDum Dum, India
_bMUSIC INDIA
_c1982
300 _a1 sound disc [Gramophone Recording]:
_banalog, 33 1/3 rpm
_c12.5 in. (LP)
_fGramophone Record
500 _aBrief Record
500 _aRecord labels : MUSIC INDIA, White
505 _aSide-1 (Be-wafa bawafa nahin hota) (Rajendra Mehta) Side-2 Din pareshan hai) (A. Hariharan [and] Jaidev)
600 _aMehta, Rajendra
_920359
650 _aClassical Music
_zIndia
_91186
_xExcerpts
650 _aGhazals
_920630
700 _aPrasad, Govind
_920360
942 _2ddc
_cGR
999 _c46681
_d46681